| 000 | 00720nam a22002417a 4500 | ||
|---|---|---|---|
| 003 | UA-OsUOA | ||
| 001 | 87138 | ||
| 007 | ta | ||
| 008 | 20120914b un ||||| |||| 00| 0 ukr d | ||
| 100 | _aБабич Є. | ||
| 700 | _aРогова П. | ||
| 090 |
_a821.161.2 _bБ12 |
||
| 942 | _cBK | ||
| 040 |
_aUA-OsUOA _bukr _cUA-OsUOA _dUA-OsUOA |
||
| 245 |
_aПисьменники Радянської України - лауреати (1941 - 1985) _bБібліографічний довідник |
||
| 300 | _a182 с. | ||
| 955 | _a1 | ||
| 041 | _aukr | ||
| 080 | _a821.161.2 | ||
| 260 |
_aК. _bДніпро _c1985 |
||
| 650 | 7 |
_a82 Література. Літературознавство _2UDC |
|
| 999 |
_c373429 _d373429 |
||